00638nam a2200181Ia 4500952015200000999001700152003000400169005001700173008004100190020001500231040000900246082002000255100003600275245005400311260003600365300000900401942004600410 00102ddc40708HISTORYaMESbMEScHISd2019-02-20g350.00l19m18o954.8302 VEL/Bp39159r2025-11-13 13:49:58s2025-11-12w2019-02-20yBKzGL34R3 c34968d34968OSt20220827110622.0190216s9999||||xx |||||||||||||| ||und|| a8188765104 coclc a954.8302bVEL/B1 aVeluthat, Kesavan,d1951-93112 0aBrahman Settlements In Kerala /cKesavan Veluthat bCosmo Books,c2013.aNew Delhi: a208p cBK2ddch954.8302iVEL/Bk954.8302mVEL/B